000 00608nam a2200241Ia 4500
003 OSt
005 20220918173947.0
006 a|||||r|||| 00| 0
007 ta
008 220917b |||||||| |||| 00| 0 eng d
024 _a9,495
037 _cTextual
040 _aARTS
_cARTS
_beng
041 _2eng
_aeng
082 _a2:551qN47, H9 (2D)
110 _aLibrary of congress
245 0 _aRules for descriptive cataloging
260 _c1949
650 _aLIBRARY SCIENCE
700 _aLibrary of congress
942 _h2:551qN47, H9 (2D)
_cTEXL
_2CC
999 _c151137
_d151137